000 00920 a2200181 4500
003 Nust
005 20220815085717.0
020 _a8129706725
040 _cNust
082 _a005.133,HOF
100 _aHoffman,Kevin
_997074
245 _aC# programming
_bEvolution /
_cKevin Hoffman
260 _aIndia
_bPearson
_c2004
300 _a305p
505 _aIntroduction (Page-1), Setting up your Development Environment (Page-9), Using the Survey Development Suite (Page-29), Exploring the Code of the Survey Development Suite (Page-51), Experimenting with the Code for the Survey Development Suite (Page-113), Customizing Survey Repository (Page-143), Customizing Survey Development Studio (Page-117), Customizing Pocket survey (Page-205), Improving the Code of the Survey Development Suite (Page-231), Extending the Survey Development Suite (Page-267),
650 _aprogramming
_996244
942 _2ddc
_cBK
_k005.133,HOF
999 _c176464
_d176464